Normal view
MARC view
- Knight, Aubrey L.,
Entry Personal Name
001 - CONTROL NUMBER
- control field: 5895
003 - CONTROL NUMBER IDENTIFIER
- control field: URS
005 - DATE AND TIME OF LATEST TRANSACTION
- control field: 20240718180305.0
008 - FIXED-LENGTH DATA ELEMENTS
- fixed length control field: 240718|| aca||aabn | a|a d
040 ## - CATALOGING SOURCE
- Original cataloging agency: URS
100 ## - HEADING--PERSONAL NAME
- Personal name: Knight, Aubrey L.,
- Relator term: author.